History Quiz

Random History or Politics Quiz

More Than One Term Presidential Minefield Quiz Stats

 Plays Quiz Updated Apr 4, 2018

Score 0/22 Timer 05:00
5 Plays Today
Length (in days) Name % Correct
4,422???
83.2%
2,922???
82.3%
2,922???
81.7%
2,728???
76%
2,865???
74.7%
2,922???
74.6%
2,922???
69.1%
2,922???
58.4%
1,503???
52.3%
2,922???
52.1%
2,027???
49.9%
Length (in days) Name % Correct
1,886???
48.3%
2,840???
45%
2,922???
44.8%
2,922???
42.6%
2,922???
42%
2,922???
40.9%
2,922???
40.6%
2,922???
35%
2,040???
25.1%
1,654???
22.8%
*MINE*???
21.3%

You're not logged in!

Compare scores with friends on all Sporcle quizzes.
OR
Log In

You Might Also Like...

Show Comments

Extras

Top Quizzes Today


Score Distribution

Your Account Isn't Verified!

In order to create a playlist on Sporcle, you need to verify the email address you used during registration. Go to your Sporcle Settings to finish the process.

Report this User

Report this user for behavior that violates our Community Guidelines.

Details: